| Поле | Инд. | ПП | Название | Значение |
|---|---|---|---|---|
| Тип записи | a | |||
| Библиографический уровень | b | |||
| 001 | Контрольный номер | RU/IS/BASE/140699510 | ||
| 005 | Дата корректировки | 20200630193205.0 | ||
| 084 | a | Индекс другой классификации/Индекс ББК | 65.9(2Рос)-55-18; 60.561.8 | |
| 100 | 1_ | a | Автор | Альтов В. А. |
| 100 | 1_ | a | Автор | Гареев М. А. |
| 100 | 1_ | a | Автор | Гусев Б. В. |
| 100 | 1_ | a | Автор | Козлов Ю. Г. |
| 100 | 1_ | a | Автор | Кузнецов О. Л. |
| 100 | 1_ | a | Автор | Либерзон М. Р. |
| 100 | 1_ | a | Автор | Петленко Б. И. |
| 100 | 1_ | a | Автор | Сенеквич В. П. |
| 100 | 1_ | a | Автор | Шекшунов В. Е. |
| 100 | 1_ | a | Автор | Яковец Ю. В. |
| 245 | a | Заглавие | Перспективы научно-технологического возрождения России | |
| 650 | a | Основная рубрика | социология | |
| a | Основная рубрика | социология науки | ||
| a | Основная рубрика | экономика | ||
| 653 | a | Ключевые слова | инвестиции | |
| a | Ключевые слова | инновации | ||
| a | Ключевые слова | инновационная политика | ||
| a | Ключевые слова | наука | ||
| a | Ключевые слова | научно-техническая политика | ||
| a | Ключевые слова | научно-технический потенциал | ||
| a | Ключевые слова | научно-технический прогресс (НТП) | ||
| a | Ключевые слова | научно-техническое развитие | ||
| a | Ключевые слова | научно-технологическая сфера | ||
| a | Ключевые слова | Россия | ||
| a | Ключевые слова | стимулирование научно-технического прогресса | ||
| a | Ключевые слова | стратегия научно-технического развития | ||
| a | Ключевые слова | устойчивое развитие | ||
| 773 | t | Заглавие источника | Устойчивое развитие. Наука и практика | |
| d | Дата издания источника | 2002 | ||
| g | Прочая информация | № 1. - С. 95 - 100 : схем. | ||
| w | Контрольный № источника | RU/IS/BASE/109089911 | ||
| 901 | t | Тип документа | b |